Paroles - Pour La Peine - 1789, Les Amants de la Bastille - Statistiques

Statistiques générales
  • Ce quiz a été pris 139 fois
  • Le résultat moyen est 194 sur 224
Statistiques - réponses
Réponse % Correct
A
100%
à
100%
l'
100%
la
100%
La
100%
peine
100%
Pour
100%
De
97%
de
97%
des
97%
Des
97%
nos
97%
nous
97%
Nous
97%
Qui
97%
qui
97%
Au
95%
du
95%
On
95%
Je
93%
je
93%
rêves
93%
innocence
92%
Le
92%
libres
92%
nom
92%
veut
92%
Changer
90%
histoire
90%
sens
90%
douleurs
88%
penseurs
88%
pouvoir
88%
soulèvent
88%
Les
87%
les
87%
t'emmène
87%
fleurs
85%
désarment
83%
doit
83%
homme
82%
larmes
82%
Dans
80%
dans
80%
frères
78%
ont
78%
par
78%
pères
78%
que
77%
appris
75%
Ce
73%
oubli
72%
d'un
70%
prix
70%
Prix
70%
Quand
70%
sommes
70%
ciel
68%
coeur
68%
mêmes
68%
Droit
67%
sont
67%
tombés
67%
hommes
65%
pardonne
65%
peines
65%
peur
65%
droits
63%
Droits
63%
abandonne
62%
Abandonne
62%
Car
60%
illusions
60%
tes
60%
veux
60%
cris
58%
démesure
57%
apprendrons
55%
s'immisce
55%
sourire
55%
blessures
53%
cannons
53%
Cannons
53%
Embrasser
53%
esprit
53%
tonnent
53%
résonnent
50%
erreurs
48%
déraison
47%
s'enlise
35%
Aucun quiz correspondant
Distribution des résultats
% des personnes avec chaque résultat
Percentile par nombre de réponses
Votre historique - résultats
Vous n’avez pas pris ce quiz